Nové trendy v implementácii stratégie Balanced Scorecard diplomová práca

Gespeichert in:
Bibliographische Detailangaben
1. Verfasser: Krupeľáková, Lenka
Körperschaft: Podnikovohospodárska fakulta EU so sídlom v Košiciach. Katedra finančného riadenia podniku
Weitere Verfasser: Štofová, Lenka, 1989-
Format: Buch
Sprache:Slowakisch
Veröffentlicht: Košice 2020
Tags: Tag hinzufügen
Keine Tags, Fügen Sie das erste Tag hinzu!

MARC

LEADER 00000nbm a2200000 4500
001 0265417
005 20201208110811.4
041 0 |a slo 
044 |a SK 
245 1 0 |a Nové trendy v implementácii stratégie Balanced Scorecard  |b diplomová práca  |c Lenka Krupeľáková ; školiteľ: Lenka Štofová 
264 1 |a Košice  |c 2020 
300 |a 81 s. 
100 1 |a Krupeľáková, Lenka 
700 1 |a Štofová, Lenka, 1989- 
710 2 |a Podnikovohospodárska fakulta EU so sídlom v Košiciach. Katedra finančného riadenia podniku